000 02678nam a2200337 i 4500
003 DO-SdBNP
005 20250203100935.0
007 ta
008 210324b2017 dr 17 r 00| 0 spa spa d
020 _a9781365413216
040 _aDO-SdBNP
_bspa
_cBNPHU
_erda
041 _hspa
082 4 _aRD863.44
_b F727p
_222
100 1 _aFornerín, Miguel Ángel,
_d1960-
_922504
_eautor
245 1 0 _aPara leer a René Rodríguez Soriano :
_b(sin maestro) /
_cMiguel Ángel Fornerín.
264 1 _aSanto Domingo :
_bSantuario,
_c2017.
300 _a144 páginas
_bilustraciones
_c23 cm.
336 _atexto
_btxt
_2rdacontent
337 _asin mediación
_bn
_2rdamedia
338 _avolumen
_bnc
_2rdacarrier
500 _aIncluye datos biográficos del autor en la solapa de la cubierta.
500 _aIncluye referencias bibliográficas y notas al pie de las páginas.
504 _aBibliografía : p. 131-134
505 0 _aPara leer a René Rodríguez Soriano (todos los juegos el juego),13. -- Contar y cantar. La cuentística de René Rodríguez Soriano,21. -- La narrativa de René Rodríguez Soriano, la poética de lo bizarro,23. -- René Rodríguez Soriano y la poeticidad del cuento,31. -- El arte como epifanía en Solo la flauta,37. -- No-verlas en su niebla. Fragmentos para una teoría del amor,45. -- Una novela que nos invita a repensar el pasado,51. -- Vanguardismo y narratividad en El mal del tiempo,57. -- Pretextos per-versos. La utopía como horizonte de espera,69. -- El tránsito generacional y el fin de otra era,73. -- El poeta en tránsito hacia otra voz,77. -- Los contextos y las rupturas poéticas en Muestra gratis,83. --Poesía, tiempo y memoria, a propósito de Apunte a lápiz,89. -- Lengua, comunicación y símbolo, a propósito de Rumor de pez,97. -- A ton y son. Bailando boleros caribeños en cámara lenta,103. -- Dos angelitos blasfemos,109. -- En con-sonancia. Nota inconclusa,113. -- Antropología de bolsillo. Ecos de otras voces,119. -- Caja de [h]erramientas. Textos y contextos. Bibliografía crítica,131. -- Sobre el cuento dominicano,132. -- René Rodríguez Soriano (básico). Libros publicados,135. -- Poesía,135. -- Narrativa,135. -- Ensayo,136. --Compilaciones,136.-- En colaboración,136.-- Prólogos, notas,136.-- Antologías en las que aparece. Ensayo,136. -- Narrativa,137. -- Poesía,138. -- Sobre el autor,138.
590 _aInventariado, 2021 /LP
600 1 4 _aFornerín, Miguel Ángel,
_d1950-
_xCrítica e interpretación
_979734
650 4 _aCuentos dominicanos
_979735
650 4 _aLiteratura dominicana
_979736
910 _aInventariado, 2021 / LP/Validado. Control de calidad MFF
942 _2ddc
_cLBS1
999 _c49676
_d49676